000
00309nam a22001217a 4500
008
170808b xxu||||| |||| 00| 0 eng d
041
_a
eng
080
_a
004
100
_a
35
101
_a
SHKI
245
_a
IEEE INTERNATIONAL CONFERENCE ON COMPUTER DESIGN: VSLI IN COMPUTERS
_c
HILTON, R.T
942
_2
udc
_c
BK
999
_c
22900
_d
22900